food processing; ការកែច្នៃអាហារ (Record no. 8655)

000 -LEADER
fixed length control field 00282nam a22001217a 4500
040 ## - CATALOGING SOURCE
Transcribing agency SK
082 ## - DEWEY DECIMAL CLASSIFICATION NUMBER
Classification number 664
100 ## - MAIN ENTRY--AUTHOR NAME
Personal name គង់ ថុង
245 ## - TITLE STATEMENT
Title food processing; ការកែច្នៃអាហារ
260 ## - PUBLICATION, DISTRIBUTION, ETC. (IMPRINT)
Place of publication RUA
Name of publisher គង់
Year of publication 2011
300 ## - PHYSICAL DESCRIPTION
Number of Pages 490p.
942 ## - ADDED ENTRY ELEMENTS (KOHA)
Koha item type សៀវភៅភាសាអង់គ្លេស
952 ## - LOCATION AND ITEM INFORMATION (KOHA)
Withdrawn status [LOCAL, KOHA] 0
952 ## - LOCATION AND ITEM INFORMATION (KOHA)
Withdrawn status [LOCAL, KOHA] 0
952 ## - LOCATION AND ITEM INFORMATION (KOHA)
Withdrawn status [LOCAL, KOHA] 0
952 ## - LOCATION AND ITEM INFORMATION (KOHA)
Withdrawn status [LOCAL, KOHA] 0
Holdings
Permanent Location Date acquired Koha item type Lost status Shelving location Barcode Current Location Full call number
Library Block B2016-11-11សៀវភៅភាសាអង់គ្លេស  RUA045194Library Block B664 គង់ 2011 C244
Library Block C2016-08-08សៀវភៅភាសាអង់គ្លេស C244RUA062698Library Block C664 គង់ 2011 C244
Library Block C2016-08-08សៀវភៅភាសាអង់គ្លេស C244RUA062574Library Block C664 គង់ 2011 C244
Library Block C2016-08-08សៀវភៅភាសាអង់គ្លេស C244RUA062694Library Block C664 គង់ 2011 C244
មជ្ឈមណ្ឌលឯការនៃសាកលវិទ្យាល័យភូមិន្ទកសិកម្មចំការដូង

Powered by Koha